Central Library OPAC University of Rajshahi

Modern international economics / (Record no. 60781)

MARC details
000 -LEADER
fixed length control field 00933nam a2200289 a 4500
001 - CONTROL NUMBER
control field 60781
003 - CONTROL NUMBER IDENTIFIER
rucl marc code BD-RJUL
005 - DATE AND TIME OF LATEST TRANSACTION
control field 20211209080900.0
008 - FIXED-LENGTH DATA ELEMENTS--GENERAL INFORMATION
fixed length control field 170103s1990 enka b 001 0 eng d
020 ## - INTERNATIONAL STANDARD BOOK NUMBER
International Standard Book Number 0631166033 (hbk)
035 ## - SYSTEM CONTROL NUMBER
System control number (BD-RjUL)60905
040 ## - CATALOGING SOURCE
Original cataloging agency BD-RjUL
Language of cataloging eng
Transcribing agency BD-RjUL
Modifying agency BD-RjUL
041 ## - LANGUAGE CODE
Language code of text/sound track or separate title eng
082 ## - DEWEY DECIMAL CLASSIFICATION NUMBER
Classification number 337
Edition number 23
Author mark and year HEM 1990
100 1# - MAIN ENTRY--PERSONAL NAME
Personal name Heffernan, Shelagh A.,
Dates associated with a name 1956-
9 (RLIN) 181130
245 10 - TITLE STATEMENT
Title Modern international economics /
Statement of responsibility, etc. Shelagh Heffernan and Peter Sinclair.
260 ## - PUBLICATION, DISTRIBUTION, ETC. (IMPRINT)
Place of publication, distribution, etc. Oxford :
Name of publisher, distributor, etc. Basil Blackwell,
Date of publication, distribution, etc. c1990.
300 ## - PHYSICAL DESCRIPTION
Pagination ix, 334 p :
Illustrations ill. ;
Size 23 cm.
504 ## - BIBLIOGRAPHY, ETC. NOTE
Bibliography, etc Includes bibliographical references: p. [316]-326, and index.
650 #0 - SUBJECT ADDED ENTRY--TOPICAL TERM
Topical term or geographic name as entry element International economic relations.
9 (RLIN) 172391
Topical term or geographic name as entry element International trade.
9 (RLIN) 172390
Topical term or geographic name as entry element International finance.
9 (RLIN) 173271
Topical term or geographic name as entry element Economic policy.
9 (RLIN) 170308
700 1# - ADDED ENTRY--PERSONAL NAME
Personal name Sinclair, Peter
942 ## - ADDED ENTRY ELEMENTS (KOHA)
Source of classification or shelving scheme Dewey Decimal Classification
Koha item type Books
Holdings
Lost status Source of classification or shelving scheme Damaged status Not for loan Collection code Permanent Location Current Location Shelving location Date acquired Source of acquisition Total Checkouts Full call number Date last seen Copy number Koha item type
  Dewey Decimal Classification   Not For Loan Non-fiction Central Library, University of Rajshahi Central Library, University of Rajshahi Reading Room 18/05/1995 Dacca   337 HEM 1990 03/01/2017 C-1 Books